[Event "SVK-chT1W 1920"]
[Site "Slovakia"]
[Date "2020.02.23"]
[Round "9.5"]
[White "Szocs, Ladislav"]
[Black "Hlavina, Lubomir"]
[Result "1/2-1/2"]
[WhiteElo "1768"]
[BlackElo "2021"]
[PlyCount "90"]
[EventDate "2019.10.12"]
[EventType "team-tourn"]
[EventRounds "11"]
[EventCountry "SVK"]
[SourceTitle "CBM 195 Extra"]
[Source "ChessBase"]
[SourceDate "2020.05.31"]
[SourceVersion "1"]
[SourceVersionDate "2020.05.31"]
[SourceQuality "1"]
[WhiteTeam "Orechova Poton"]
[BlackTeam "Nitra NSK"]
[WhiteTeamCountry "SVK"]
[BlackTeamCountry "SVK"]

1. Nf3 d5 2. g3 Nf6 3. Bg2 Bf5 4. 0-0 e6 5. d4 c5 6. c4 Nc6 7. Nc3 dxc4 8. Ne5 Nd5 9. Nxc6 bxc6 10. Qa4 Qd7 11. dxc5 0-0-0 12. Qxc4 Be7 13. Rd1 Qb7 14. Ne4 Nb6 15. Rxd8+ Rxd8 16. Qb3 Nd5 17. Qxb7+ Kxb7 18. Nd6+ Bxd6 19. cxd6 Nf6 20. Bf4 Nh5 21. Rc1 Nxf4 22. gxf4 Rxd6 23. e4 Bg4 24. e5 Rd1+ 25. Rxd1 Bxd1 26. Kf1 Kb6 27. Ke1 Bg4 28. Kd2 Kc5 29. Kc3 a5 30. Be4 Bf5 31. Bxf5 exf5 32. b3 h6 33. a3 g5 34. fxg5 hxg5 35. b4+ axb4+ 36. axb4+ Kd5 37. h3 Kxe5 38. Kc4 g4 39. hxg4 fxg4 40. Kc5 f5 41. Kxc6 f4 42. b5 g3 43. fxg3 fxg3 44. b6 g2 45. b7 g1Q 1/2-1/2

[Event "SVK-chT1W 1920"]
[Site "Slovakia"]
[Date "2020.01.25"]
[Round "7.7"]
[White "Podoba, Milan"]
[Black "Hlavina, Lubomir"]
[Result "0-1"]
[WhiteElo "1960"]
[BlackElo "2021"]
[PlyCount "86"]
[EventDate "2019.10.12"]
[EventType "team-tourn"]
[EventRounds "11"]
[EventCountry "SVK"]
[SourceTitle "CBM 194 Extra"]
[Source "ChessBase"]
[SourceDate "2020.03.31"]
[SourceVersion "1"]
[SourceVersionDate "2020.03.31"]
[SourceQuality "1"]
[WhiteTeam "Dubnica nad Vahom II"]
[BlackTeam "Nitra NSK"]
[WhiteTeamCountry "SVK"]
[BlackTeamCountry "SVK"]

1. e4 c5 2. c3 Nf6 3. e5 Nd5 4. Bc4 Nb6 5. Bb3 c4 6. Bc2 d6 7. exd6 Qxd6 8. Nf3 Bg4 9. h3 Bh5 10. Qe2 Nc6 11. 0-0 0-0-0 12. b3 Qf6 13. Be4 Kb8 14. Bxc6 bxc6 15. Qe5+ Qxe5 16. Nxe5 Kc7 17. g4 Bg6 18. bxc4 f6 19. Nxg6 hxg6 20. c5 Nc4 21. d4 Rxh3 22. f3 e5 23. Kg2 Rh8 24. Na3 Nxa3 25. Bxa3 exd4 26. Bb4 Rd5 27. cxd4 Rxd4 28. Rab1 Rc4 29. Rfe1 Bxc5 30. Bxc5 Rxc5 31. Re7+ Kd6 32. Rxa7 Rc2+ 33. Kg1 Rhh2 34. Rxg7 Ke5 35. f4+ Kxf4 36. Rxg6 Rcg2+ 37. Kf1 Rxa2 38. Kg1 Rag2+ 39. Kf1 Ra2 40. Kg1 Rhg2+ 41. Kh1 Ke5 42. Re1+ Rge2 43. Rf1 Rh2+ 0-1

[Event "SVK-chT1W 1920"]
[Site "Slovakia"]
[Date "2019.12.07"]
[Round "5.6"]
[White "Gasa, Andrej"]
[Black "Hlavina, Lubomir"]
[Result "1/2-1/2"]
[WhiteElo "2221"]
[BlackElo "2021"]
[PlyCount "74"]
[EventDate "2019.10.12"]
[EventType "team-tourn"]
[EventRounds "11"]
[EventCountry "SVK"]
[SourceTitle "CBM 193 Extra"]
[Source "ChessBase"]
[SourceDate "2020.01.31"]
[SourceVersion "1"]
[SourceVersionDate "2020.01.31"]
[SourceQuality "1"]
[WhiteTeam "Osuske"]
[BlackTeam "Nitra NSK"]
[WhiteTeamCountry "SVK"]
[BlackTeamCountry "SVK"]

1. e4 c5 2. Nf3 d6 3. d4 cxd4 4. Nxd4 Nf6 5. Nc3 a6 6. Be3 e6 7. a4 Be7 8. Be2 0-0 9. 0-0 Bd7 10. f4 Nc6 11. Kh1 Nxd4 12. Bxd4 Bc6 13. Bd3 Nd7 14. f5 Bf6 15. Bc4 Qe7 16. Qd2 Rad8 17. Rae1 Bxd4 18. Qxd4 Kh8 19. Qf2 e5 20. Bd5 Rb8 21. Rd1 Nf6 22. Qe2 Rfd8 23. Bc4 Ne8 24. Rd3 Kg8 25. Rfd1 b5 26. axb5 axb5 27. Bd5 Bd7 28. Rf1 b4 29. Nd1 Bb5 30. Ne3 Bxd3 31. cxd3 Nf6 32. g4 Nxd5 33. Nxd5 Qh4 34. f6 g6 35. Ne7+ Kf8 36. Nc6 Rdc8 37. Nxb8 Rxb8 1/2-1/2

[Event "SVK-chT1W 1819"]
[Site "Slovakia"]
[Date "2019.02.23"]
[Round "8.5"]
[White "Hlavina, Lubomir"]
[Black "Jakab, Bela"]
[Result "0-1"]
[WhiteElo "2009"]
[BlackElo "2325"]
[PlyCount "64"]
[EventDate "2018.10.27"]
[EventType "team-tourn"]
[EventRounds "11"]
[EventCountry "SVK"]
[SourceTitle "CBM 189 Extra"]
[Source "ChessBase"]
[SourceDate "2019.06.03"]
[SourceVersion "1"]
[SourceVersionDate "2019.06.03"]
[SourceQuality "1"]
[WhiteTeam "Nitra ASK"]
[BlackTeam "Gabcikovo MSK"]
[WhiteTeamCountry "SVK"]
[BlackTeamCountry "SVK"]

1. e4 e6 2. d4 d5 3. Nd2 c5 4. exd5 Qxd5 5. Ngf3 cxd4 6. Bc4 Qd6 7. 0-0 Nf6 8. Nb3 Nc6 9. Nbxd4 Nxd4 10. Nxd4 a6 11. Re1 Qc7 12. Bb3 Bd6 13. Nf5 Bxh2+ 14. Kh1 0-0 15. Nxg7 Rd8 16. Qf3 Kxg7 17. Bh6+ Kg6 18. c3 Nh5 19. Bc1 Bf4 20. g4 Ng3+ 21. fxg3 Bxc1 22. Raxc1 Bd7 23. Bc2+ Kg7 24. g5 Bc6 25. Be4 Rd2 26. c4 Rad8 27. Re3 Bxe4 28. Rxe4 R8d3 29. Qf6+ Kg8 30. g6 hxg6 31. Rxe6 fxe6 32. Qxg6+ Qg7 0-1

[Event "SVK-chT1W 1819"]
[Site "Slovakia"]
[Date "2018.10.28"]
[Round "2.4"]
[White "Chlpik, Martin"]
[Black "Hlavina, Lubomir"]
[Result "1-0"]
[WhiteElo "2160"]
[BlackElo "2002"]
[PlyCount "151"]
[EventDate "2018.10.27"]
[EventType "team-tourn"]
[EventRounds "11"]
[EventCountry "SVK"]
[SourceTitle "CBM 187 Extra"]
[Source "ChessBase"]
[SourceDate "2018.11.04"]
[SourceVersion "1"]
[SourceVersionDate "2018.11.04"]
[SourceQuality "1"]
[WhiteTeam "Sala Slovan Duslo"]
[BlackTeam "Nitra ASK"]
[WhiteTeamCountry "SVK"]
[BlackTeamCountry "SVK"]

1. Nf3 d5 2. g3 c6 3. Bg2 Bg4 4. d4 Nd7 5. 0-0 Ngf6 6. b3 Bxf3 7. Bxf3 e5 8. dxe5 Nxe5 9. Bg2 Bd6 10. Bb2 Qc7 11. Nd2 0-0-0 12. c4 dxc4 13. Qc2 Kb8 14. Nxc4 Nxc4 15. Qxc4 h5 16. h4 Ng4 17. b4 Ne5 18. Bxe5 Bxe5 19. Rad1 f6 20. b5 c5 21. Rd5 Rxd5 22. Qxd5 Rd8 23. Qf3 c4 24. a4 c3 25. Rc1 Rd7 26. e3 Rd2 27. Bh3 g6 28. Qe4 Qd8 29. Qc4 f5 30. Qb3 Qd5 31. Qxd5 Rxd5 32. Kf1 Rd2 33. Ke1 Ra2 34. Bg2 Rxa4 35. Rc2 Rb4 36. f4 Bf6 37. Bd5 Rxb5 38. Bf7 a5 39. Bxg6 a4 40. Bxh5 a3 41. Bf7 Rb1+ 42. Ke2 b5 43. Ba2 Rg1 44. Kf2 Rd1 45. Ke2 Rd6 46. Kf3 Ka7 47. h5 Ka6 48. e4 Rd3+ 49. Ke2 fxe4 50. g4 Rf3 51. g5 Bh8 52. h6 Rg3 53. Kf2 Rf3+ 54. Ke2 Rg3 55. Kf2 Rh3 56. Kg2 Rd3 57. g6 Rd2+ 58. Kh3 Rxc2 59. g7 Bxg7 60. hxg7 Rxa2 61. g8Q Rd2 62. Qa8+ Kb6 63. Qxe4 Ka5 64. f5 a2 65. f6 c2 66. Qe1 b4 67. Qa1 b3 68. Qc3+ Ka4 69. f7 Rd3+ 70. Qxd3 c1Q 71. Qa6+ Kb4 72. f8Q+ Kc3 73. Qc6+ Kb2 74. Qa3+ Kxa3 75. Qxc1+ Kb4 76. Kg3 1-0

[Event "SVK-chT1W 1718"]
[Site "Slovakia"]
[Date "2018.02.17"]
[Round "8.5"]
[White "Hlavina, Lubomir"]
[Black "Bombek, Peter"]
[Result "1/2-1/2"]
[WhiteElo "2005"]
[BlackElo "2252"]
[PlyCount "93"]
[EventDate "2017.10.21"]
[EventType "team-tourn"]
[EventRounds "11"]
[EventCountry "SVK"]
[SourceTitle "EXT 2019"]
[Source "ChessBase"]
[SourceDate "2018.10.10"]
[SourceVersion "1"]
[SourceVersionDate "2018.10.10"]
[SourceQuality "1"]
[WhiteTeam "Nitra ASK"]
[BlackTeam "Dubnica nad Vahom II"]
[WhiteTeamCountry "SVK"]
[BlackTeamCountry "SVK"]

1. d4 Nf6 2. Bf4 e6 3. e3 c5 4. Nf3 Qb6 5. Nc3 cxd4 6. exd4 Bb4 7. a3 Bxc3+ 8. bxc3 Qa5 9. Qd3 b6 10. Bd2 Bb7 11. Qb5 Qxb5 12. Bxb5 0-0 13. Bd3 Rc8 14. Ke2 Nc6 15. c4 Ne7 16. Bg5 Ba6 17. Bxf6 gxf6 18. Nd2 d5 19. cxd5 Bxd3+ 20. Kxd3 Nxd5 21. c4 Nf4+ 22. Ke4 Ng6 23. a4 Rd8 24. a5 f5+ 25. Ke3 f4+ 26. Kd3 Rac8 27. axb6 axb6 28. Rhb1 Rd6 29. Ra6 Ne5+ 30. Kc3 Nd7 31. Ra7 e5 32. dxe5 Nxe5 33. Ra6 Rd3+ 34. Kc2 Rcd8 35. Ne4 R3d4 36. Nf6+ Kg7 37. Rbxb6 Rxc4+ 38. Kb1 Rd1+ 39. Ka2 Rd2+ 40. Kb3 Rd3+ 41. Kb2 Rcd4 42. Rb8 Nc4+ 43. Kc2 Na3+ 44. Kb2 Nc4+ 45. Kc2 Rd2+ 46. Kc3 R2d3+ 47. Kc2 1/2-1/2

[Event "SVK-chT2B 1314"]
[Site "Slovakia"]
[Date "2014.02.01"]
[Round "7.3"]
[White "Hlavina, Lubomir"]
[Black "Zahorsky, Dusan"]
[Result "1-0"]
[WhiteElo "1924"]
[BlackElo "2084"]
[PlyCount "79"]
[EventDate "2013.10.19"]
[EventType "team-tourn"]
[EventRounds "11"]
[EventCountry "SVK"]
[SourceTitle "EXT 2015"]
[Source "ChessBase"]
[SourceDate "2014.11.20"]
[SourceVersion "1"]
[SourceVersionDate "2014.11.20"]
[SourceQuality "1"]
[WhiteTeam "Nitra ASK"]
[BlackTeam "Topolcianky"]
[WhiteTeamCountry "SVK"]
[BlackTeamCountry "SVK"]

1. e4 c5 2. Nf3 d6 3. d4 cxd4 4. Nxd4 Nf6 5. Nc3 g6 6. Be3 Bg7 7. f3 0-0 8. Qd2 Nc6 9. Bc4 Bd7 10. 0-0-0 Qb8 11. h4 b5 12. Bb3 a5 13. Nd5 Nxd5 14. Bxd5 Ra6 15. Bxc6 Bxc6 16. h5 Bd7 17. Bh6 Bxd4 18. Bxf8 Bxb2+ 19. Kxb2 Qxf8 20. Qd4 Qg7 21. Qxg7+ Kxg7 22. e5 Be6 23. exd6 exd6 24. Rd3 Kf6 25. a3 Bc4 26. Re3 d5 27. Kc3 Re6 28. Kd4 g5 29. Rhe1 Kf5 30. g3 h6 31. Kc5 Kf6 32. Rxe6+ fxe6 33. Kd6 d4 34. Re4 Bd5 35. Rxd4 Bxf3 36. Kc5 e5 37. Rd6+ Kf5 38. Rxh6 e4 39. Kd4 Kg4 40. Rh8 1-0

[Event "SVK-ch U16"]
[Site "Lubovna"]
[Date "2013.04.10"]
[Round "6"]
[White "Repka, Christopher"]
[Black "Hlavina, Lubomir"]
[Result "1-0"]
[WhiteElo "2337"]
[BlackElo "1875"]
[PlyCount "63"]
[EventDate "2013.04.06"]
[EventType "swiss"]
[EventRounds "9"]
[EventCountry "SVK"]
[SourceTitle "CBM 153 Extra"]
[Source "ChessBase"]
[SourceDate "2013.04.22"]
[SourceVersion "1"]
[SourceVersionDate "2013.04.22"]
[SourceQuality "1"]

1. Nf3 Nf6 2. d4 d5 3. Bf4 c5 4. Nc3 Nc6 5. e3 Bg4 6. Be2 e6 7. 0-0 Be7 8. h3 Bh5 9. Na4 c4 10. b3 cxb3 11. axb3 0-0 12. c4 Bd6 13. Bxd6 Qxd6 14. Qd2 Ne4 15. Qb2 Qb4 16. Rfc1 Na5 17. cxd5 Qxb3 18. Ra3 Qxd5 19. Nc5 b6 20. Nxe4 Qxe4 21. g4 Bg6 22. Nd2 Qd5 23. Bf3 Qd6 24. Bxa8 Rxa8 25. Rac3 h6 26. Qb5 f6 27. Rc7 e5 28. Rd7 Be8 29. Rxd6 Bxb5 30. dxe5 fxe5 31. Rd5 Ba4 32. Rxe5 1-0

[Event "SVK-ch U16"]
[Site "Lubovna"]
[Date "2013.04.08"]
[Round "4"]
[White "Hlavina, Lubomir"]
[Black "Gasa, Patrik"]
[Result "1-0"]
[WhiteElo "1875"]
[BlackElo "1951"]
[PlyCount "41"]
[EventDate "2013.04.06"]
[EventType "swiss"]
[EventRounds "9"]
[EventCountry "SVK"]
[SourceTitle "CBM 153 Extra"]
[Source "ChessBase"]
[SourceDate "2013.04.22"]
[SourceVersion "1"]
[SourceVersionDate "2013.04.22"]
[SourceQuality "1"]

1. e4 c5 2. Nf3 a6 3. d4 cxd4 4. Nxd4 Nf6 5. Nc3 e5 6. Nb3 Be7 7. Be3 0-0 8. Be2 d6 9. f3 Be6 10. Qd2 Qc7 11. g4 b5 12. 0-0-0 Rc8 13. Bd3 Nc6 14. g5 Nd7 15. Nd5 Bxd5 16. exd5 Nd8 17. h4 Nb7 18. h5 Nbc5 19. Nxc5 Nxc5 20. Bf5 Nb3+ 21. axb3 1-0

[Event "SVK-ch U16"]
[Site "Lubovna"]
[Date "2013.04.07"]
[Round "2"]
[White "Pechac, Jergus"]
[Black "Hlavina, Lubomir"]
[Result "1-0"]
[WhiteElo "2148"]
[BlackElo "1875"]
[PlyCount "33"]
[EventDate "2013.04.06"]
[EventType "swiss"]
[EventRounds "9"]
[EventCountry "SVK"]
[SourceTitle "CBM 153 Extra"]
[Source "ChessBase"]
[SourceDate "2013.04.22"]
[SourceVersion "1"]
[SourceVersionDate "2013.04.22"]
[SourceQuality "1"]

1. e4 e5 2. f4 exf4 3. Nf3 g5 4. h4 g4 5. Ng5 d5 6. exd5 Qxd5 7. Qe2+ Ne7 8. Nc3 Qa5 9. b4 Qb6 10. Nd5 Qd6 11. Ne4 Qc6 12. Bb2 f3 13. Ndf6+ Kd8 14. Qd3+ Bd7 15. Nxd7 Nxd7 16. Bxh8 f5 17. Nc5 1-0